| 000 | 02049ncm0a22003731 4500 | ||
|---|---|---|---|
| 001 | RU\NLR\ONIZ\209231 | ||
| 005 | 20250624195121.0 | ||
| 035 | _aRU\NLR\ONIZ\Таня\5000000899\20150312092404 | ||
| 035 | _a(NLR Aleph) 010890072 | ||
| 090 |
_a10547764 _c10547764 |
||
| 100 | _a20150312d2007 |||y0rusy50 ca | ||
| 101 | 0 | _arus | |
| 102 | _aRU | ||
| 125 | _azx | ||
| 145 | 0 | _au | |
| 200 | 1 |
_aАх, карнавал!.. _bНоты _eпраздники в дет. саду _eпособие для муз. руководителей дет. дошкол. учрежд. _e[вып.] 1 _fИ. М. Каплунова, И. А. Новоскольцева |
|
| 210 |
_aСанкт-Петербург _cКомпозитор _d2007 |
||
| 215 |
_a77 с. _cил. _d30 см |
||
| 225 | 1 | _aЛадушки | |
| 313 | _aСистематизация документа проведена по изданию - Методика классифицирования музыкальных произведений (нотных изданий) по таблицам Библиотечно-библиографических классификаций : метод. рекомендации / Гос. б-ка СССР им. В.И. Ленина.- М., 1977. Индексу ББК методических рекомендаций присваивается код ББК для научных библиотек - LBC/SL | ||
| 686 |
_aЩ987.5(2Р)я43 _vLBC/SL _2rubbk |
||
| 700 | 1 |
_9z04790 _aКаплунова _bИ. М. _gИрина Михайловна _4070 _7ca |
|
| 701 | 1 |
_9z05790 _aНовоскольцева _bИ. А. _gИрина Арсентьевна _4070 |
|
| 790 | 1 |
_9z04700 _aKaplunova _bI. M. _gIrina Mixajlovna _4070 |
|
| 790 | 1 |
_9z05701 _aNovoskol'czeva _bI. A. _gIrina Arsent'evna _4070 |
|
| 801 | 0 |
_aRU _bNLR _c20150312 _gPSBO |
|
| 801 | 1 |
_aRU _bNLR _c20150312 _2rusmarc |
|
| 801 | 2 |
_aRU _bNLR _c20151106 |
|
| 852 |
_aNLR _bМ _jК-3/26244(1) _p278601 _t1 |
||
| 852 |
_aNLR _bМ _jК-3/26244(1)а _p278872 _t2 |
||
| 942 | _cSCORE | ||
| 980 | _aNB | ||
| 980 | _aONIZ | ||